[Event "AUT-chT (Women) 1718"]
[Site "Austria"]
[Date "2017.11.24"]
[Round "1.3"]
[White "Bernhard, Julia"]
[Black "Lymysalo, Venla"]
[Result "1/2-1/2"]
[WhiteElo "1842"]
[BlackElo "1763"]
[PlyCount "92"]
[EventDate "2017.11.24"]
[EventType "team-tourn"]
[EventRounds "9"]
[EventCountry "AUT"]
[SourceTitle "CBM 181 Extra"]
[Source "ChessBase"]
[SourceDate "2017.12.12"]
[SourceVersion "1"]
[SourceVersionDate "2017.12.12"]
[SourceQuality "1"]
[WhiteTeam "Steyr (W)"]
[BlackTeam "Baden (W)"]
[WhiteTeamCountry "AUT"]
[BlackTeamCountry "AUT"]

1. e4 c5 2. Nf3 d6 3. Bb5+ Nd7 4. c3 a6 5. Ba4 b5 6. Bc2 Bb7 7. 0-0 Ngf6 8. Re1 Qc7 9. d4 e5 10. a4 Rc8 11. d5 Be7 12. Na3 bxa4 13. Bxa4 0-0 14. Nc4 Ra8 15. Bc2 a5 16. h3 Nb6 17. Nxa5 Nbxd5 18. exd5 Rxa5 19. Rxa5 Qxa5 20. c4 Qd8 21. Bd2 Ba6 22. b3 Nd7 23. Qa1 Bb7 24. Nh2 Bg5 25. Bxg5 Qxg5 26. Qa7 Qd2 27. Nf3 Qb4 28. Qa4 Qxa4 29. bxa4 Ba6 30. Nd2 Rb8 31. Bb3 Kf8 32. a5 Ke7 33. f4 f6 34. f5 Rxb3 35. Nxb3 Bxc4 36. Nd2 Bxd5 37. Rb1 Ba8 38. a6 Kd8 39. Nc4 Kc7 40. a7 d5 41. Na5 c4 42. Kf2 Nb6 43. g4 h6 44. h4 c3 45. Ke2 d4 46. Kd3 Nd7 1/2-1/2

[Event "Wch U16 Girls"]
[Site "Montevideo"]
[Date "2017.09.25"]
[Round "10"]
[White "Lymysalo, Venla"]
[Black "Lopez Sanchez, Anastacia Antonia"]
[Result "1-0"]
[WhiteElo "1819"]
[BlackElo "1695"]
[PlyCount "97"]
[EventDate "2017.09.17"]
[EventType "swiss"]
[EventRounds "11"]
[EventCountry "URU"]
[SourceTitle "EXT 2018"]
[Source "ChessBase"]
[SourceDate "2017.10.13"]
[SourceVersion "1"]
[SourceVersionDate "2017.10.13"]
[SourceQuality "1"]

1. d4 Nf6 2. c4 g6 3. Nc3 Bg7 4. e4 d6 5. f3 0-0 6. Be3 c6 7. Nge2 a6 8. a4 a5 9. Nc1 Nbd7 10. Nb3 e5 11. d5 c5 12. Qd2 Ne8 13. g4 f5 14. gxf5 gxf5 15. Bg5 Ndf6 16. exf5 Bxf5 17. Bd3 Qd7 18. 0-0-0 Bxd3 19. Qxd3 h6 20. Bd2 Nh5 21. Nb5 Nf4 22. Bxf4 Rxf4 23. Nd2 Nc7 24. Nc3 Raf8 25. b3 Ne8 26. Rhg1 Qf5 27. Qxf5 R4xf5 28. Nce4 Kf7 29. Rg3 Ke7 30. Rdg1 R8f7 31. Rg6 Bf8 32. Re6+ Kd7 33. Rgg6 Rh5 34. Rg2 Rhf5 35. Kd1 Nf6 36. Nxf6+ R7xf6 37. Rxf6 Rxf6 38. Ke2 Rf4 39. Ne4 b6 40. Kf2 Rf5 41. Rg8 Ke7 42. Rg6 Kd7 43. Re6 h5 44. Rf6 Rxf6 45. Nxf6+ Ke7 46. Nxh5 Bh6 47. Kg2 Kf7 48. Kh3 Kg6 49. Kg4 1-0

[Event "Wch U16 Girls"]
[Site "Montevideo"]
[Date "2017.09.24"]
[Round "9"]
[White "Belmonte, Dulce"]
[Black "Lymysalo, Venla"]
[Result "1/2-1/2"]
[WhiteElo "1562"]
[BlackElo "1819"]
[PlyCount "60"]
[EventDate "2017.09.17"]
[EventType "swiss"]
[EventRounds "11"]
[EventCountry "URU"]
[SourceTitle "CBM 180 Extra"]
[Source "ChessBase"]
[SourceDate "2017.10.06"]
[SourceVersion "1"]
[SourceVersionDate "2017.10.06"]
[SourceQuality "1"]

1. d4 d5 2. c4 c6 3. Nf3 Nf6 4. Nc3 dxc4 5. a4 Bf5 6. e3 e6 7. Bxc4 Bb4 8. 0-0 Nbd7 9. Qe2 0-0 10. e4 Bg6 11. Bd3 Bh5 12. Bg5 Qa5 13. e5 Nd5 14. Ne4 h6 15. Be3 Rfd8 16. Ng3 Bg6 17. Bxg6 fxg6 18. Nh4 Kh7 19. Qg4 Nf8 20. Qe4 Ne7 21. Ne2 Nf5 22. g3 Qd5 23. Qxd5 Rxd5 24. Nf3 Rdd8 25. Rfd1 g5 26. Nd2 Ng6 27. Ne4 Nge7 28. Rac1 Nxe3 29. fxe3 Nd5 30. Rd3 Rf8 1/2-1/2

[Event "Wch U16 Girls"]
[Site "Montevideo"]
[Date "2017.09.19"]
[Round "4"]
[White "Lymysalo, Venla"]
[Black "Yang, Yijing"]
[Result "0-1"]
[WhiteElo "1819"]
[BlackElo "2043"]
[PlyCount "60"]
[EventDate "2017.09.17"]
[EventType "swiss"]
[EventRounds "11"]
[EventCountry "URU"]
[SourceTitle "CBM 180 Extra"]
[Source "ChessBase"]
[SourceDate "2017.10.06"]
[SourceVersion "1"]
[SourceVersionDate "2017.10.06"]
[SourceQuality "1"]

1. d4 f5 2. g3 Nf6 3. Bg2 g6 4. Nf3 Bg7 5. 0-0 0-0 6. c4 d6 7. Nc3 Nc6 8. d5 Na5 9. b3 Ne4 10. Nxe4 Bxa1 11. Neg5 c5 12. Nh4 Bg7 13. e4 h6 14. exf5 gxf5 15. Ne6 Bxe6 16. dxe6 Nc6 17. g4 fxg4 18. Bxc6 bxc6 19. Qxg4 Rf6 20. Bb2 Kh8 21. Bxf6 Bxf6 22. Ng6+ Kh7 23. Qf5 Qg8 24. Kh1 Qxg6 25. Qf3 Rg8 26. Qxc6 Be5 27. Qd5 Qg4 28. Qd3+ Kh8 29. Qd5 Qf4 30. Rg1 Qxh2# 0-1

[Event "AUT-ch (Women)"]
[Site "Graz"]
[Date "2017.08.14"]
[Round "3"]
[White "Lymysalo, Venla"]
[Black "Froewis, Annika"]
[Result "1/2-1/2"]
[WhiteElo "1843"]
[BlackElo "2094"]
[PlyCount "123"]
[EventDate "2017.08.12"]
[EventType "swiss"]
[EventRounds "9"]
[EventCountry "AUT"]
[SourceTitle "CBM 180 Extra"]
[Source "ChessBase"]
[SourceDate "2017.10.06"]
[SourceVersion "1"]
[SourceVersionDate "2017.10.06"]
[SourceQuality "1"]

1. d4 Nf6 2. c4 c5 3. d5 e6 4. dxe6 fxe6 5. Nc3 d5 6. Bf4 a6 7. e4 d4 8. e5 dxc3 9. Qxd8+ Kxd8 10. exf6 gxf6 11. 0-0-0+ Bd7 12. bxc3 e5 13. Bg3 Nc6 14. Bd3 Bh6+ 15. Kb2 Kc7 16. Be4 Na5 17. Bd5 Rad8 18. Nf3 Rhf8 19. Nd2 Bxd2 20. Rxd2 Bc6 21. Kc1 Rd7 22. Rhd1 Rfd8 23. f3 Ba4 24. Be6 Bxd1 25. Rxd7+ Rxd7 26. Bxd7 Bxf3 27. Bh3 Be2 28. Bh4 Kd6 29. Bxf6 Bf1 30. Kd1 Nxc4 31. Bf5 Ne3+ 32. Ke1 Bxg2 33. Bxh7 Ng4 34. Bg7 Nxh2 35. Bf5 Bd5 36. Kf2 Nf3 37. Bh6 Nh4 38. Bh7 b5 39. Bf8+ Kc6 40. Bg7 Kd6 41. Bf8+ Kc6 42. Bg7 Nf3 43. Ke3 Ng5 44. Bg6 Bxa2 45. Bxe5 Ne6 46. Bf7 a5 47. Kd2 Bd5 48. Kc1 Nd8 49. Bg6 Kb6 50. Bd3 Nc6 51. Bf6 c4 52. Bc2 b4 53. Ba4 Nb8 54. Bd8+ Ka6 55. Bc7 Bc6 56. Bxb8 Bxa4 57. Kb2 Bd1 58. Bd6 Kb5 59. Be7 Bf3 60. Bd6 Bd5 61. Be7 a4 62. Bxb4 1/2-1/2

[Event "AUT-ch U16/U18 Girls"]
[Site "St Veit"]
[Date "2017.04.12"]
[Round "6"]
[White "Polterauer, Chiara"]
[Black "Lymysalo, Venla"]
[Result "1-0"]
[WhiteElo "2009"]
[BlackElo "1726"]
[PlyCount "59"]
[EventDate "2017.04.09"]
[EventType "swiss"]
[EventRounds "7"]
[EventCountry "AUT"]
[SourceTitle "CBM 178 Extra"]
[Source "ChessBase"]
[SourceDate "2017.06.22"]
[SourceVersion "1"]
[SourceVersionDate "2017.06.22"]
[SourceQuality "1"]

1. e4 c5 2. Nf3 e6 3. d4 cxd4 4. Nxd4 Nf6 5. Nc3 Qb6 6. e5 Bc5 7. Be3 Nd5 8. Nxd5 exd5 9. Nb5 Bxe3 10. Nd6+ Kf8 11. fxe3 Qxe3+ 12. Be2 Qxe5 13. Nxc8 Nc6 14. 0-0 Rxc8 15. c3 g6 16. Bf3 d4 17. Qb3 Na5 18. Qa3+ d6 19. Rae1 Qc5 20. b4 Nc4 21. Qc1 Qb6 22. Qh6+ Kg8 23. Bd5 dxc3+ 24. Kh1 Qc7 25. Bxf7+ Qxf7 26. Rxf7 Kxf7 27. Qf4+ Kg8 28. Re7 Ne5 29. Qf6 c2 30. Qg7# 1-0

[Event "AUT-chT (Women) 1617"]
[Site "Austria"]
[Date "2017.03.25"]
[Round "4.3"]
[White "Tarmastin, Laura"]
[Black "Lymysalo, Venla"]
[Result "1-0"]
[WhiteElo "1851"]
[BlackElo "1763"]
[PlyCount "120"]
[EventDate "2017.01.14"]
[EventType "team-tourn"]
[EventRounds "11"]
[EventCountry "AUT"]
[SourceTitle "EXT 2018"]
[Source "ChessBase"]
[SourceDate "2017.10.13"]
[SourceVersion "1"]
[SourceVersionDate "2017.10.13"]
[SourceQuality "1"]
[WhiteTeam "St Veit/Glan (W)"]
[BlackTeam "Baden (W)"]
[WhiteTeamCountry "AUT"]
[BlackTeamCountry "AUT"]

1. e4 c6 2. d4 d5 3. Nd2 dxe4 4. Nxe4 Nd7 5. Nf3 Ngf6 6. Ng3 Qc7 7. Bd3 c5 8. c3 e6 9. Qe2 Bd6 10. Nf5 0-0 11. Nxd6 Qxd6 12. 0-0 b6 13. Rd1 Bb7 14. dxc5 Qxc5 15. Bf4 Nd5 16. Bg3 N7f6 17. c4 Nb4 18. Bd6 Qa5 19. Bxf8 Rxf8 20. Ne5 Nxd3 21. Nxd3 Qg5 22. f3 Nh5 23. Qe5 Qg6 24. Kf2 Rc8 25. Rac1 Nf6 26. Nf4 Qh6 27. h3 g5 28. Nxe6 fxe6 29. Qxe6+ Kf8 30. Rd6 Qh4+ 31. g3 Ne4+ 32. fxe4 Qxe4 33. Qf6+ Kg8 34. Qxg5+ Kh8 35. Qf6+ Kg8 36. Qe6+ Qxe6 37. Rxe6 Kf7 38. Rce1 Rc7 39. Rd6 Bc8 40. b3 Bxh3 41. Re5 Bg4 42. Ke3 h5 43. Kf4 Rc8 44. Kg5 Rg8+ 45. Kh4 Rc8 46. Rxh5 Bxh5 47. Kxh5 Ke7 48. Rh6 Rc5+ 49. Kg6 Rc6+ 50. Kh7 Rc5 51. g4 Ra5 52. a4 Re5 53. Rh5 Re3 54. Rb5 Kf7 55. Kh6 Rg3 56. Kg5 Rd3 57. a5 Rd6 58. Kh5 Ke6 59. Rg5 Kf7 60. Rd5 Rf6 1-0

[Event "AUT-chT (Women) 1516"]
[Site "Austria"]
[Date "2016.04.16"]
[Round "6.2"]
[White "Truszkiewicz, Eliza"]
[Black "Lymysalo, Venla"]
[Result "1-0"]
[WhiteElo "1909"]
[BlackElo "1756"]
[PlyCount "101"]
[EventDate "2015.11.06"]
[EventType "team-swiss"]
[EventRounds "7"]
[EventCountry "AUT"]
[SourceTitle "EXT 2017"]
[Source "ChessBase"]
[SourceDate "2016.10.25"]
[SourceVersion "1"]
[SourceVersionDate "2016.10.25"]
[SourceQuality "1"]
[WhiteTeam "Graz Chess (W)"]
[BlackTeam "Baden (W)"]
[WhiteTeamCountry "AUT"]
[BlackTeamCountry "AUT"]

1. e4 c5 2. g3 e6 3. Bg2 d5 4. exd5 exd5 5. d4 c4 6. Ne2 Nc6 7. a3 h6 8. Nbc3 Nf6 9. Bf4 Be6 10. h3 Bd6 11. Bxd6 Qxd6 12. Nf4 0-0 13. 0-0 Rab8 14. Na4 Rfc8 15. Re1 b5 16. Nc5 Nxd4 17. Qxd4 Qxc5 18. Nxe6 fxe6 19. Qxc5 Rxc5 20. Rxe6 Rd8 21. Re5 Rc7 22. Rd1 Rcd7 23. Rd4 Kf7 24. Bf3 a5 25. h4 b4 26. axb4 axb4 27. g4 Re7 28. Rxe7+ Kxe7 29. g5 hxg5 30. hxg5 Nh7 31. Rxd5 Rxd5 32. Bxd5 c3 33. bxc3 bxc3 34. f4 Nf8 35. Kf2 Kd6 36. Be4 Kc5 37. Bf5 Kd4 38. Kf3 Kd5 39. Ke3 g6 40. Be4+ Kc4 41. f5 Kc5 42. Kd3 Kd6 43. fxg6 Ne6 44. Kxc3 Nxg5 45. Bf5 Ke7 46. Kb4 Nf3 47. c4 Nd4 48. Be4 Ne6 49. Kb5 Ng7 50. Kb6 Ne8 51. c5 1-0

[Event "AUT-ch U16/18 Girls"]
[Site "St Veit"]
[Date "2016.03.21"]
[Round "3"]
[White "Polterauer, Chiara"]
[Black "Lymysalo, Venla"]
[Result "1-0"]
[WhiteElo "1944"]
[BlackElo "1744"]
[PlyCount "159"]
[EventDate "2016.03.20"]
[EventType "swiss"]
[EventRounds "7"]
[EventCountry "AUT"]
[SourceTitle "CBM 171 Extra"]
[Source "ChessBase"]
[SourceDate "2016.04.26"]
[SourceVersion "1"]
[SourceVersionDate "2016.04.26"]
[SourceQuality "1"]

1. e4 c5 2. Nf3 d6 3. b3 Nf6 4. Bd3 e6 5. Bb2 Nc6 6. c4 Be7 7. Nc3 Nb4 8. Bb1 0-0 9. 0-0 d5 10. cxd5 exd5 11. e5 Ne8 12. d4 Nc7 13. a3 Nc6 14. dxc5 Bxc5 15. Ne2 Re8 16. Qc2 Bb6 17. Qxh7+ Kf8 18. Qh8+ Ke7 19. Qxg7 Be6 20. Bh7 Kd7 21. Ned4 Nxd4 22. Bxd4 Bxd4 23. Nxd4 Qh4 24. Nf5 Qh5 25. Ng3 Qh4 26. Bf5 Re7 27. h3 Qf4 28. Qf6 Qd4 29. Rfd1 Qb6 30. Rac1 Rg8 31. Ne4 Kd8 32. Bxe6 fxe6 33. Qf3 Reg7 34. g4 Nb5 35. Qf6+ Re7 36. Ng3 Nc7 37. Qf3 Rh7 38. Kh2 Ne8 39. Rc3 Ke7 40. Qe2 Rf8 41. Rf1 Qd4 42. Rd3 Qf4 43. Kg2 Rhf7 44. Qe3 Ng7 45. Qc5+ Kd8 46. Qe3 Kd7 47. Qxa7 Qxe5 48. Qxb7+ Kd8 49. Qb6+ Ke7 50. Re3 Qf6 51. Qc5+ Kd7 52. Rc3 Rd8 53. Qb5+ Ke7 54. Rc7+ Kf8 55. Qc5+ Kg8 56. Rxf7 Qxf7 57. b4 Qb7 58. Rc1 d4+ 59. Qc6 Qf7 60. b5 d3 61. Rd1 Qe7 62. b6 Qxa3 63. Qc7 Qd6 64. Ne4 Qd5 65. f3 Ne8 66. Qf4 Ra8 67. Qg5+ Kf7 68. Qxd5 exd5 69. b7 Rb8 70. Nc5 Nd6 71. Rxd3 Nxb7 72. Rb3 Nxc5 73. Rxb8 d4 74. Rc8 Nb3 75. Rd8 Ke7 76. Rb8 Nc5 77. h4 d3 78. Rb1 Ne6 79. Re1 Kf6 80. Rxe6+ 1-0

[Event "Steyr Landesliga 1516"]
[Site "Austria"]
[Date "2016.01.23"]
[Round "6.8"]
[White "Lymysalo, Venla"]
[Black "Prato, Simon"]
[Result "0-1"]
[WhiteElo "1660"]
[BlackElo "1703"]
[PlyCount "92"]
[EventDate "2015.09.26"]
[EventType "team-tourn"]
[EventRounds "11"]
[EventCountry "AUT"]
[SourceTitle "CBM 170 Extra"]
[Source "ChessBase"]
[SourceDate "2016.02.25"]
[SourceVersion "1"]
[SourceVersionDate "2016.02.25"]
[SourceQuality "1"]
[WhiteTeam "Graz Styria"]
[BlackTeam "Graz Schachfreunde"]
[WhiteTeamCountry "AUT"]
[BlackTeamCountry "AUT"]

1. d4 d5 2. c4 c6 3. Nf3 Nf6 4. Nc3 a6 5. e3 b5 6. b3 Bg4 7. Be2 Nbd7 8. 0-0 e6 9. Qc2 Be7 10. Bb2 0-0 11. Ne5 Nxe5 12. dxe5 Bf5 13. Bd3 Bxd3 14. Qxd3 Nd7 15. Ne2 Qc7 16. Qd4 c5 17. Qc3 dxc4 18. bxc4 b4 19. Qc2 Nxe5 20. f4 Nd7 21. Rf3 Bf6 22. Rh3 h6 23. Ng3 Bxb2 24. Qxb2 Nf6 25. Rf1 Rad8 26. Rxh6 gxh6 27. Qxf6 Kh7 28. Nh5 Rg8 29. Qb2 Kg6 30. Nf6 Rgf8 31. e4 Rd4 32. e5 Rfd8 33. Qc2+ Kg7 34. Qh7+ Kf8 35. Qxh6+ Ke7 36. Qg5 Qc6 37. Nd5+ Kd7 38. Ne3 Kc8 39. Qf6 Qe4 40. Nd5 Rd2 41. Ne7+ Kb7 42. Qg5 Qe3+ 43. Kh1 Rd1 44. h4 Rxf1+ 45. Kh2 Rdd1 46. Nd5 Rh1# 0-1

[Event "AUT-chT (Women) 1516"]
[Site "Austria"]
[Date "2015.11.08"]
[Round "3.2"]
[White "Fuchs, Judith"]
[Black "Lymysalo, Venla"]
[Result "1-0"]
[WhiteElo "2342"]
[BlackElo "1756"]
[PlyCount "67"]
[EventDate "2015.11.06"]
[EventType "team-swiss"]
[EventRounds "7"]
[EventCountry "AUT"]
[SourceTitle "EXT 2017"]
[Source "ChessBase"]
[SourceDate "2016.10.25"]
[SourceVersion "1"]
[SourceVersionDate "2016.10.25"]
[SourceQuality "1"]
[WhiteTeam "Mayrhofen/Zillertal (W)"]
[BlackTeam "Baden (W)"]
[WhiteTeamCountry "AUT"]
[BlackTeamCountry "AUT"]

1. e4 c5 2. Nf3 d6 3. d4 cxd4 4. Nxd4 Nf6 5. Nc3 a6 6. Qf3 g6 7. h3 Bg7 8. Be3 0-0 9. g4 Nc6 10. 0-0-0 Ne5 11. Qg2 b5 12. f4 Nc4 13. Bxc4 bxc4 14. e5 Rb8 15. exf6 Bxf6 16. Rhe1 Qb6 17. b3 Qb4 18. Nd5 Qa3+ 19. Kb1 Bb7 20. Nxf6+ exf6 21. Qe2 cxb3 22. cxb3 Be4+ 23. Ka1 d5 24. Bc1 Qa5 25. Bb2 Qb6 26. Rc1 a5 27. Nc6 Ra8 28. Qe3 Qxe3 29. Rxe3 Rfe8 30. Bxf6 Re6 31. g5 Kf8 32. Nd4 Rd6 33. Rec3 Ke8 34. Nb5 1-0

[Event "Wch U14 Girls"]
[Site "Durban"]
[Date "2014.09.23"]
[Round "5"]
[White "Kozina, Anastasia"]
[Black "Lymysalo, Venla"]
[Result "1-0"]
[WhiteElo "1988"]
[BlackElo "1627"]
[PlyCount "61"]
[EventDate "2014.09.20"]
[EventType "swiss"]
[EventRounds "11"]
[EventCountry "RSA"]
[SourceTitle "CBM 162 Extra"]
[Source "ChessBase"]
[SourceDate "2014.10.17"]
[SourceVersion "1"]
[SourceVersionDate "2014.10.17"]
[SourceQuality "1"]

1. e4 c6 2. d4 d5 3. e5 c5 4. dxc5 e6 5. a3 Bxc5 6. Qg4 g6 7. b4 Bf8 8. Nf3 Qc7 9. Bd3 Bg7 10. Bb2 Nd7 11. Qg3 Ne7 12. 0-0 0-0 13. Nbd2 Nb6 14. Nd4 Nc6 15. Rae1 Nc4 16. Bc3 Nxa3 17. b5 Ne7 18. Bb4 Nc4 19. Bd6 Qd7 20. Bxc4 dxc4 21. Nxc4 Nf5 22. Qf4 Rd8 23. Rb1 Bh6 24. Qe4 Nxd6 25. Nxd6 Qc7 26. Qh4 Bf8 27. Ne4 h6 28. Nf6+ Kg7 29. h3 Bd7 30. Ng4 h5 31. Qf6+ 1-0

[Event "AUT-ch U14 Girls"]
[Site "Woerth"]
[Date "2014.06.09"]
[Round "5"]
[White "Lymysalo, Venla"]
[Black "Schloffer, Jasmin Denise"]
[Result "0-1"]
[WhiteElo "1580"]
[BlackElo "1625"]
[PlyCount "80"]
[EventDate "2014.06.07"]
[EventType "swiss"]
[EventRounds "7"]
[EventCountry "AUT"]
[SourceTitle "EXT 2016"]
[Source "ChessBase"]
[SourceDate "2015.10.08"]
[SourceVersion "1"]
[SourceVersionDate "2015.10.08"]
[SourceQuality "1"]

1. d4 Nf6 2. c4 e6 3. Nc3 Bb4 4. Qc2 0-0 5. a3 Bxc3+ 6. Qxc3 d5 7. Bg5 c5 8. cxd5 cxd4 9. Qxd4 Nc6 10. Qd1 exd5 11. Nf3 Re8 12. Nd4 Ne5 13. e3 h6 14. Bxf6 Qxf6 15. Be2 Qg6 16. 0-0 Bh3 17. Bf3 Rad8 18. Kh1 Nxf3 19. Qxf3 Bg4 20. Qg3 Qh5 21. Rac1 Re5 22. Rc7 Rg5 23. Qf4 Rd7 24. Rxd7 Bxd7 25. Qb8+ Kh7 26. Qf4 Qg6 27. Qf3 Bg4 28. Qf4 Bh5 29. Nf3 Qd3 30. Re1 Rf5 31. Qg3 Qe4 32. Nh4 Rg5 33. Qf4 Qc2 34. Nf3 Rg4 35. Qe5 Bg6 36. h3 Re4 37. Qxd5 Qxf2 38. Qxb7 Rh4 39. Rb1 Be4 40. Qxf7 Rxh3+ 0-1